College Football Top 25 - SUDDEN DEATH - Statistics

General Stats
  • This quiz has been taken 207 times
  • The average score is 5 of 25
Answers on the Grid
Answers color-coded by a green-red scale on the quiz's grid according to % correct below.
 
Answer Stats
Answer % Correct
51%
44%
38%
37%
35%
30%
30%
27%
25%
25%
22%
19%
19%
17%
17%
16%
16%
14%
13%
6%
6%
6%
5%
3%
3%
No matching quizzes found
Score Distribution
Percent of People with Each Score
Percentile by Number Answered
Your Score History
You have not taken this quiz